my bodys made of crushed little stars - mitski lyrics - Statistics

General Stats
  • This quiz has been taken 17 times
  • The average score is 124 of 131
Answer Stats
Answer % Correct
a
100%
ace
100%
an
100%
and
100%
anything
100%
better
100%
bodys
100%
crushed
100%
deadline
100%
doing
100%
i
100%
i'm
100%
interview
100%
jerusalem?
100%
jerusalem
100%
kill
100%
little
100%
made
100%
me
100%
my
100%
not
100%
of
100%
should
100%
stars
100%
that
100%
under
100%
work
100%
would
100%
you
100%
afraid
90%
die
90%
don't
90%
go
90%
gonna
90%
how
90%
know
90%
pay
90%
rent
90%
see
90%
tell
90%
the
90%
them
90%
to
90%
wanna
90%
when
90%
whole
90%
world
90%
age
80%
come
80%
disappear
80%
pick
80%
uh
80%
until
80%
again
70%
can
70%
find
70%
then
70%
try
70%
i'll
50%
No matching quizzes found
Score Distribution
Percent of People with Each Score
Percentile by Number Answered
Your Score History
You have not taken this quiz